Evénements du 3 janvier - Statistiques

Statistiques générales
  • Ce quiz a été pris 52 fois
  • Le résultat moyen est 7 sur 15
Statistiques - réponses
Hint Réponse % Correct
Naissance de Cicéron 106 avt J.C.
88%
Maradonna reçoit le ballon d'or pour sa carrière 1995
76%
Lancement du bitcoin 2009
73%
1ère diffusion de la série Kamelott 2005
71%
Charles III devient roi des Francs 898
71%
Naissance de Mel Gibson 1956
54%
Naissance du réalisateur Sergio Leone 1929
41%
Naissance du dessinateur André Franquin 1924
37%
Bataille de Bapaume 1871
27%
Création de la fonction de médiateur en France 1973
27%
Naissance du réalisateur John Sturges 1910
24%
L'Alaska devient le 49e état américain 1959
22%
Abolition du shogunat au Japon 1868
20%
Mort du maréchal de France Joseph Joffre 1931
20%
Assassinat de l'archevêque de Paris, Mgr Sibour 1857
17%
Aucun quiz correspondant
Distribution des résultats
% des personnes avec chaque résultat
Percentile par nombre de réponses
Votre historique - résultats
Vous n’avez pas pris ce quiz